Umelecké pohľadnice

Podrobná bibliografia
Hlavný autor: Ondreička, Karol (Autor)
Ďalší autori: Biathová, Katarína, 1933-1995 (tex)
Médium: Kniha
Jazyk:slovenčina
PhysicalDescription:6 pohľadníc 10 x 15 cm
Vydavateľské údaje: Bratislava SFVU 1964

MARC

LEADER 00000nam a2200000 a 4500
001 vtls001293504
003 SK-MaSNL
005 20260301195748.0
008 240316s1964 xo 0 slo
035 |a SNK000245273 
040 |a SNK  |b slo  |c SNK  |e AACR2 
041 0 |a slo 
044 |a xo  |c SK 
100 1 |a Ondreička, Karol  |4 aut  |9 277409 
245 1 |a Umelecké pohľadnice  |c Karol Ondreička ; [text:] K. Biathová 
260 |a Bratislava  |b SFVU  |c 1964 
300 |a 6 pohľadníc 10 x 15 cm 
700 1 |a Biathová, Katarína,  |d 1933-1995  |4 tex  |9 131629 
958 |a OND 
999 |c 887213  |d 889143 
952 |t P60, <03>, [BOOK], {603}  |a SNK  |b SNK  |y PREZ  |7 0  |o snkOSE 137  |i snkKSP 2913/64  |0 0  |1 0  |4 0  |d 1997-07-04  |l 0  |r 2005-01-02 00:00:00  |w 2026-02-24 
952 |t P60, <04>, [BOOK], {604}  |a SNK  |b SNK  |y VYP  |7 0  |p 17A0254237  |o snkOSE 137 D1  |i snkKSP 2914/64  |0 0  |1 0  |4 0  |d 1997-07-04  |l 0  |r 2005-01-02 00:00:00  |w 2026-02-24